000 00628nam a22002177a 4500
003 UA-OsUOA
001 98743
007 ta
008 20130417b un ||||| |||| 00| 0 ukr d
090 _a82.09(8)
942 _cBK
040 _aUA-OsUOA
_brus
_cUA-OsUOA
_dUA-OsUOA
245 _aПисатели Латинской Америки о литературе
_cПод. ред. Кутейщиковой В.
300 _a397 с.
955 _a3
041 _arus
080 _a82.09(8)
260 _aМ.
_bРадуга
_c1982
650 7 _a82 Література. Літературознавство
_2UDC
999 _c384633
_d384633